Statistics for 30 Biggest Cities in Japan

Click here to take the quiz!

General Stats

  • This quiz has been taken 81 times
    (69 since last reset)
  • The average score is 17 of 30

Answer Stats

PopulationCity% Correct
8 955 000Tokyo
100%
2 670 000Osaka
100%
1 905 000Sapporo
100%
1 545 000Kobe
98%
1 470 000Kyoto
95%
3 690 000Yokohama
95%
1 180 000Hiroshima
93%
2 650 000Nagoya
93%
1 480 000Fukuoka
90%
1 045 000Sendai
79%
1 230 000Saitama
74%
815 000Niigata
71%
1 415 000Kawasaki
62%
960 000Chiba
62%
735 000Kumamoto
62%
985 000Kitakyushu
57%
535 000Kagoshima
57%
710 000Okayama
57%
715 000Shizuoka
50%
800 000Hamamatsu
48%
840 000Sakai
40%
720 000Sagamihara
31%
455 000Himeji
24%
530 000Funabashi
19%
465 000Hachioji
10%
880 000Setagaya
7%
525 000Higashiosaka
7%
455 000Matsudo
7%
715 000Nerima
5%
500 000Amagasaki
2%

Score Distribution

Percentile by Number Answered

Percent of People with Each Score

Your Score History

You have not taken this quiz since the last reset